Problemas que confrontan los coreanos en el aprendizaje de la Lengua Española como su segunda lengua (Record no. 2801)

MARC details
000 -LEADER
campo de control de longitud fija 02839nam a2200517Ia 4500
001 - NÚMERO DE CONTROL
campo de control 2985
008 - DATOS DE LONGITUD FIJA--INFORMACIÓN GENERAL
campo de control de longitud fija 241029s9999 xx 000 0 und d
010 ## - NÚMERO DE CONTROL DE LA BIBLIOTECA DEL CONGRESO
Número de control de LC 2801
041 ## - CÓDIGO DE IDIOMA
Código de lengua del texto/banda sonora o título independiente Español
082 ## - NÚMERO DE LA CLASIFICACIÓN DECIMAL DEWEY
Número de clasificación MA-LL 0001 FH 1996
245 #0 - MENCIÓN DEL TÍTULO
Título Problemas que confrontan los coreanos en el aprendizaje de la Lengua Española como su segunda lengua
260 ## - PUBLICACIÓN, DISTRIBUCIÓN, ETC.
Lugar de publicación, distribución, etc. Santo Domingo
300 ## - DESCRIPCIÓN FÍSICA
Extensión 127
520 ## - RESUMEN, ETC.
Sumario, etc. 33
520 ## - RESUMEN, ETC.
Sumario, etc. La investigación se planteó determinar cuáles son las fuentes de los problemas que acusan los coreanos en el manejo de la Lengua Española como su segunda lengua.El estudio presentó un diseño de carácter descriptivo, dirigido hacia una población de 284 coreanos que residen en República Dominicana hace más de un año, a los cuales se les aplicaron los instrumentos de grabaciones directas y libres y entrevistas para investigar las interferencias lingüísticas.El estudio concluye que los coreanos tienen dificulta en los puntos diferenciales o en las divergencias sistemáticas entre las dos lenguas y el manejo de los elementos conocidos. Hablan con el sistema coreano sin asumir que existen divergencias sistemáticas entre las dos lenguas y sin incorporar los elementos nuevos o desconocidos o usándolos incorrectamente. Estos manifiestan que no tienen dificultad en el manejo de los elementos semejantes a la lengua materna y que los problemas para aprender el español vienen de: la norma o hábitos de la Lengua Coreana como son: predominio de las yuxtapuestas en las construcciones compuestas, sintaxis figurada, colocación de objeto antepuesto al verbo y adjetivo antepuesto al sustantivo adverbio antepuesto al verbo.El estudio recomienda combinar o incorporar los factores necesarios como: el esfuerzo de estudio, con la voluntad de aprendizaje, habilidad de la lengua conocida por la enseñanza, si se puede tener la oportunidad de esta y el contacto frecuente con los nativos hablantes para dominar bien la segunda lengua.
630 ## - PUNTO DE ACCESO ADICIONAL DE MATERIA--TÍTULO UNIFORME
Título uniforme Lenguaje y Lenguas-Enseñanza
650 ## - PUNTO DE ACCESO ADICIONAL DE MATERIA--TÉRMINO DE MATERIA
Término de materia o nombre geográfico como elemento de entrada Lengua Española
690 ## - PUNTO DE ACCESO ADICIONAL DE MATERIA LOCAL--TÉRMINO DE MATERIA (OCLC, RLIN)
Término de materia o nombre geográfico como elemento inicial Elaborado
700 ## - ENTRADA AGREGADA--NOMBRE PERSONAL
Término indicativo de función/relación asesor
Nombre de persona Benavides, Celso J.
700 ## - ENTRADA AGREGADA--NOMBRE PERSONAL
Término indicativo de función/relación autor
Nombre de persona Ran Han, Hye
901 ## - ELEMENTOS DE DATOS A LOCAL LDA (RLIN)
a {"1":"Ran Han"}
b {"1":"Hye"}
902 ## - ELEMENTOS DE DATOS B LOCAL, LDB (RLIN)
a 1
903 ## - ELEMENTOS DE DATOS C LOCAL, LDC (RLIN)
a {"1":"Benavides"}
b {"1":"Celso J. "}
904 ## - ELEMENTOS DE DATOS D LOCAL, LDD (RLIN)
a Magíster en
905 ## - ELEMENTOS DE DATOS E LOCAL, LDE (RLIN)
a Lingüística y Literatura
906 ## - ELEMENTOS DE DATOS F LOCAL, LDF (RLIN)
a 2
907 ## - ELEMENTOS DE DATOS G LOCAL, LDG (RLIN)
a NO APLICA
908 ## - COLOCAR PARÁMETRO DE COMANDO (RLIN)
Colocar parámetro de comando NO APLICA
909 ## -
-- Universidad Autónoma de Santo Domingo (UASD)
910 ## - DATOS DE OPCIÓN DEL USUARIO (OCLC)
Datos de opción del usuario NULL
-- NULL
911 ## - EQUIVALENCIA O REFERENCIA-CRUZADA-NOMBRE DE CONFERENCIA O REUNIÓN/CONGRESO [LOCAL, CANADÁ]
Nombre de congreso/reunión o jurisdicción como elemento de entrada ["1"]
912 ## -
-- NO APLICA
913 ## -
-- NULL
914 ## -
-- 08 de Enero de 1996
915 ## -
-- 21/07/15 12:07
916 ## -
-- NULL
917 ## -
-- NULL
918 ## -
-- NO APLICA
919 ## -
-- ["130"]
921 ## -
-- 16
922 ## -
-- 16
923 ## -
-- 0
924 ## -
-- NO APLICA
942 ## - ELEMENTOS DE ENTRADA SECUNDARIOS (KOHA)
Tipo de ítem Koha

No items available.

© 2024. Todos los Derechos Reservados. Desarrollado por IDEICE